书目信息 |
| 题名: |
动力管道设计手册
|
|
| 作者: | 周岩涛 , 施振球 主编 | |
| 分册: | ||
| 出版信息: | 北京 机械工业出版社 2020 |
|
| 页数: | 14,914页 | |
| 开本: | 26cm | |
| 丛书名: | ||
| 单 册: | ||
| 中图分类: | TU81-62 | |
| 科图分类: | ||
| 主题词: | 管道工程--手册 | |
| 电子资源: | ||
| ISBN: | 978-7-111-64923-6 | |
| 000 | 01165nam0 2200289 450 | |
| 001 | 2035261451 | |
| 005 | 20201107094757.66 | |
| 010 | @a978-7-111-64923-6@b精装@dCNY198.00 | |
| 100 | @a20200927d2020 em y0chiy50 ea | |
| 101 | 0 | @achi |
| 102 | @aCN@b110000 | |
| 105 | @aa z 000yy | |
| 200 | 1 | @a动力管道设计手册@9dong li guan dao she ji shou ce@f动力管道设计手册编写组编 |
| 205 | @a2版 | |
| 210 | @a北京@c机械工业出版社@d2020 | |
| 215 | @a14,914页@c图@d26cm | |
| 312 | @a封面英文题名:Manual of power piping design | |
| 314 | @a主编取自编写组名单 | |
| 330 | @a本书共17章,内容包括:常用资料、管道系统及其选择、管道布置及敷设、供热管道直埋技术、管道水力计算、管道热补偿、管道支吊架的跨距及荷载、管道支吊架及支座、管道强度计算及应力验算、管道组成件的选用、绝热与防腐、动力分站、真空管道系统、高纯气体管道、医用气体管道系统、动力管道安装及验收、工程估价等内容。 | |
| 510 | 1 | @aManual of power piping design@zeng |
| 606 | 0 | @a管道工程@j手册 |
| 690 | @aTU81-62@v5 | |
| 701 | 0 | @a周岩涛@9zhou yan tao@4主编 |
| 701 | 0 | @a施振球@9shi zhen qiu@4主编 |
| 801 | 2 | @aCN@bA330300WZL@c20201012 |
| 801 | 0 | @aCN@bWT@c20201012 |
| 905 | @aZUCC@dTU81-62@eZ816 | |
| 动力管道设计手册/动力管道设计手册编写组编.-2版.-北京:机械工业出版社,2020 |
| 14,914页:图;26cm |
| ISBN 978-7-111-64923-6(精装):CNY198.00 |
| 本书共17章,内容包括:常用资料、管道系统及其选择、管道布置及敷设、供热管道直埋技术、管道水力计算、管道热补偿、管道支吊架的跨距及荷载、管道支吊架及支座、管道强度计算及应力验算、管道组成件的选用、绝热与防腐、动力分站、真空管道系统、高纯气体管道、医用气体管道系统、动力管道安装及验收、工程估价等内容。 |
| ● |
| 相关链接 |
|
|
|
正题名:动力管道设计手册
索取号:TU81-62/Z816
 
预约/预借
| 序号 | 登录号 | 条形码 | 馆藏地/架位号 | 状态 | 备注 |
| 1 | 1484670 | 214846700 | 建筑库201/201建筑库 79排2列3层/ [索取号:TU81-62/Z816] | 在馆 |